Meilleurs buteurs des 10 meilleures sélections - Statistiques

Statistiques générales
  • Ce quiz a été pris 34 fois
  • Le résultat moyen est 8 sur 10
Statistiques - réponses
Sélection Meilleur buteur % Correct
Portugal Cristiano Ronaldo
100%
Argentine Lionel Messi
100%
France Olivier Giroud
100%
Belgique Romelu Lukaku
97%
Angleterre Harry Kane
94%
Brésil Neymar Jr
90%
Allemagne Miroslav Klose
77%
Espagne David Villa
68%
Pays-Bas Memphis Depay
61%
Croatie Davor Šuker
45%
Aucun quiz correspondant
Distribution des résultats
% des personnes avec chaque résultat
Percentile par nombre de réponses
Votre historique - résultats
Vous n’avez pas pris ce quiz